| 000 | 00785nam a22002531 4500 | ||
|---|---|---|---|
| 001 | 141263 | ||
| 003 | ES-MaACL | ||
| 005 | 20250506135627.0 | ||
| 007 | t| | ||
| 008 | 070920s1967 sp ||||0| spa d | ||
| 016 | 7 | _zIND2000945871 | |
| 040 |
_aM-BN _bspa _cCDM |
||
| 080 | _a929 Guillermo (43) II | ||
| 100 | 1 |
_aWilson, Lawrence. _9117040 |
|
| 245 | 1 | 0 |
_aKaiser Guillermo II / _cLawrence Wilson ; [versión realizada por José Miguel Mínguez de la 1ª edición inglesa]. |
| 250 | _a1ª ed. | ||
| 260 |
_aBarcelona : _bGrijalbo, _c1967. |
||
| 300 |
_a288 p. ; _c22 cm. |
||
| 600 | 0 | 4 |
_aGuillermo II, _cEmperador de Alemania _960805 |
| 700 | 1 |
_aMínguez, José Miguel. _981348 |
|
| 852 |
_aES-MaACL _jC-32595 _bR.63212 |
||
| 999 |
_c141263 _d141263 |
||